Dänemark - Geschichte Quiz - Statistiken

Allgemein
  • Dieses Quiz wurde 30 mal gespielt
  • Das Durchschnittsergebnis liegt bei 5 aus 15
Antwortstatistiken
Hinweis Antwort % Korrekt
Deutsches Bundesland, dessen Gebiet im 19. Jahrhundert zum dänischen Gesamtstaat gehörte Schleswig-Holstein
85%
Im 18. Jahrhundert von Dänemark kolonisierte Insel Grönland
81%
Autor von "Die kleine Meerjungfrau" Hans Christian Andersen
81%
Mittelalterliches Volk von Entdeckern, Händlern und Plünderern Wikinger
78%
Quantenphysiker, gewann 1922 den Nobelpreis Niels Bohr
41%
Art von Mumie, die in Dänemark häufig gefunden wurde Moorleiche
30%
Inselgruppe, die als möglicher Standort der mythischen Insel Thule gilt Färöer
26%
Nach diesem dänischen König ist ein Funkstandard benannt Harald Blauzahn
22%
Residenz der dänischen Könige im barocken Baustil Schloss Amalienborg
15%
Germanischer Stamm, der in Dänemark siedelte und in der Spätantike mit den Angeln und Sachsen nach Britannien abwanderte Jüten
7%
Über 50 Jahre lang regierende Königin, die 2024 abdankte Margrethe II.
7%
Existentieller Philosoph Søren Kierkegaard
7%
Deckname für den deutschen Überfall auf Dänemark 1940 Unternehmen Weserübung
7%
Dänischer Kapitän in russischen Diensten Vitus Bering
7%
Name der im 11. Jahrhundert von Knut dem Großen regierten Gebiete Nordseereich
0%
Keine übereinstimmenden Quizze gefunden
Verteilung der Resultate
Anzahl Personen mit jedem Resultat
Perzentil nach korrekt beantworteten Fragen
Ihre Resultats-Entwicklung
Sie haben dieses Quiz noch nicht gespielt